00493nam a2200169Ia 4500100001600000650001400016942000700030366000700037654001900044245002900063260003300092082000800125300000800133546002300141999001700164952014200181 aLimb/Peter  aBiography cBK f25 anelson mandela aNelson mandela:Biography bJaico Publishing Housec2016 bLIM a144 aENGLISHcComputers c26838d26838 001040708CRCaCRCEbCRCEd2023-03-17eAllied Publishersg224.25i862 dt 30.12.2016l0o LIMp24449r2023-03-17v299.00w0000-00-00yBK